000 00354cam a22001217a 4500
008 180718b1988 xxu||||| |||| 00| 0 eng d
082 _aLx54 F/9/1
245 _aFirst report of the Ninth Finance Commission
_cby Finance Commission, India
260 _aDelhi
_bThe author
_c1988
300 _a58p.
650 _aFinance
700 _aIndia. Finance Commission
999 _c489379
_d489379